<?xml version="1.0" encoding="UTF-8"?><?xml-stylesheet type="text/xsl" href="static/style.xsl"?><OAI-PMH xmlns="http://www.openarchives.org/OAI/2.0/" xmlns:xsi="http://www.w3.org/2001/XMLSchema-instance" xsi:schemaLocation="http://www.openarchives.org/OAI/2.0/ http://www.openarchives.org/OAI/2.0/OAI-PMH.xsd"><responseDate>2026-06-30T04:08:45Z</responseDate><request verb="GetRecord" identifier="oai:riubu.ubu.es:10259/4341" metadataPrefix="marc">https://riubu.ubu.es/oai/request</request><GetRecord><record><header><identifier>oai:riubu.ubu.es:10259/4341</identifier><datestamp>2022-04-29T12:02:46Z</datestamp><setSpec>com_10259_4244</setSpec><setSpec>com_10259_5086</setSpec><setSpec>com_10259_2604</setSpec><setSpec>col_10259_4245</setSpec></header><metadata><record xmlns="http://www.loc.gov/MARC21/slim" xmlns:doc="http://www.lyncode.com/xoai" xmlns:xsi="http://www.w3.org/2001/XMLSchema-instance" xmlns:dcterms="http://purl.org/dc/terms/" xsi:schemaLocation="http://www.loc.gov/MARC21/slim http://www.loc.gov/standards/marcxml/schema/MARC21slim.xsd">
<leader>00925njm 22002777a 4500</leader>
<datafield tag="042" ind1=" " ind2=" ">
<subfield code="a">dc</subfield>
</datafield>
<datafield tag="720" ind1=" " ind2=" ">
<subfield code="a">Martínez Velasco, Rodrigo</subfield>
<subfield code="e">author</subfield>
</datafield>
<datafield tag="720" ind1=" " ind2=" ">
<subfield code="a">Sanz Díez, Mª Teresa</subfield>
<subfield code="e">author</subfield>
</datafield>
<datafield tag="720" ind1=" " ind2=" ">
<subfield code="a">Beltrán Calvo, Sagrario</subfield>
<subfield code="e">author</subfield>
</datafield>
<datafield tag="260" ind1=" " ind2=" ">
<subfield code="c">2011-07</subfield>
</datafield>
<datafield tag="520" ind1=" " ind2=" ">
<subfield code="a">In this work, the pervaporation technique is investigated in the separation of dilute solutions of volatile compounds from brown crab effluent in order to obtain a valuable food flavoring fraction. A systematic study of the pervaporation process has been carried out on dilute model solutions of some of the compounds identified in the brown crab effluent as typical volatile compounds. The membrane used in this work was a hydrophobic membrane with a selective layer of POMS (polyoctylmethyl siloxane). The effect of some operating variables, such as feed flow rate, feed concentration, feed temperature and permeate pressure was analyzed on the pervaporation performance of the membrane.</subfield>
</datafield>
<datafield tag="024" ind2=" " ind1="8">
<subfield code="a">http://hdl.handle.net/10259/4341</subfield>
</datafield>
<datafield ind1=" " ind2=" " tag="653">
<subfield code="a">Volatile compounds</subfield>
</datafield>
<datafield ind1=" " ind2=" " tag="653">
<subfield code="a">Concentration</subfield>
</datafield>
<datafield ind1=" " ind2=" " tag="653">
<subfield code="a">Pervaporation</subfield>
</datafield>
<datafield ind1=" " ind2=" " tag="653">
<subfield code="a">POMS membrane</subfield>
</datafield>
<datafield tag="245" ind1="0" ind2="0">
<subfield code="a">Concentration by pervaporation of representative brown crab volatile compounds from dilute model solutions</subfield>
</datafield>
</record></metadata></record></GetRecord></OAI-PMH>